| 000 | 01351nam0a2200349 4500 | ||
|---|---|---|---|
| 001 | RU\NLR\BIBL_A\012142563 | ||
| 005 | 20250623213544.0 | ||
| 010 |
_a978-5-17-094836-9 _93000 |
||
| 021 |
_aRU _b2019-3260 _9КН-П-5515 |
||
| 035 | _a(RuMoRGB)010116304 | ||
| 035 | _a(NLR Aleph) 012142563 | ||
| 090 |
_a12104941 _c12104941 |
||
| 100 | _a20191119d2020 |||y0rusy50 ca | ||
| 101 | 1 |
_arus _ceng |
|
| 102 | _aRU | ||
| 105 | _aa|||zzzz001zy | ||
| 200 | 1 |
_aФотография _eвыключи режим AUTO и делай по-настоящему хорошие снимки _fКрис Геткам _g[перевод с английского Д. С. Пуденко] |
|
| 210 |
_aМосква _cАСТ _d2020 [т.е. 2019] |
||
| 215 |
_a143, [1] с. _cил., цв. ил. _d22 |
||
| 225 | 1 | _aОт автора мирового бестселлера № 1 | |
| 300 | _aФактическая дата выхода в свет - 2019 | ||
| 320 | _aПредм. указ.: с. 143 | ||
| 333 | _a6+ | ||
| 606 | 1 |
_aФотография _9969614 _3RU\NLR\AUTH\6644609 |
|
| 606 | 1 |
_aФотография художественная _xТеория _91881942 _3RU\NLR\AUTH\661145703 |
|
| 686 | 1 | _aМ94 | |
| 686 | 1 | _aЩ160 | |
| 700 | 1 |
_aГеткам _bК. _gКрис |
|
| 942 | _cBOOK | ||
| 980 | _aNB | ||